[Event "Niedersachsen-chT U14"]
[Site "Stade"]
[Date "2007.05.18"]
[Round "4.4"]
[White "Warneke, Jan Niklas"]
[Black "Aldegeerds, Julian"]
[Result "0-1"]
[WhiteElo "980"]
[BlackElo "958"]
[PlyCount "88"]
[EventDate "2007.05.17"]
[EventType "team-tourn"]
[EventRounds "7"]
[EventCountry "GER"]
[SourceTitle "EXT 2008"]
[Source "ChessBase"]
[SourceDate "2007.11.25"]
[SourceVersion "1"]
[SourceVersionDate "2007.11.25"]
[SourceQuality "1"]

1. e4 e6 2. Nf3 d5 3. Nc3 d4 4. Nb5 c5 5. d3 a6 6. Na3 Nc6 7. Nc4 f6 8. Bd2 b5 9. Na3 e5 10. Be2 Bd6 11. Nb1 Nge7 12. c3 0-0 13. cxd4 exd4 14. Qb3+ Kh8 15. Kf1 Qc7 16. Be1 Na5 17. Qc2 Bg4 18. h3 Bxf3 19. Bxf3 c4 20. Nd2 Rac8 21. Nb1 Nb7 22. a4 cxd3 23. Qxc7 Rxc7 24. Bd2 b4 25. Bd1 a5 26. g3 Ng6 27. Kg2 Ne5 28. b3 Nc5 29. Bf4 Nxe4 30. Ra2 Nc3 31. Nxc3 dxc3 32. Re1 c2 33. Bxc2 dxc2 34. Rc1 Rfc8 35. Bxe5 Bxe5 36. Kf3 g5 37. g4 Kg7 38. Ke3 Bf4+ 39. Kd3 Bxc1 40. f3 Bf4 41. Rxc2 Rxc2 42. h4 Rd2+ 43. Ke4 Re8+ 44. Kf5 Rd5# 0-1

[Event "Niedersachsen-chT U14"]
[Site "Stade"]
[Date "2007.05.17"]
[Round "1.4"]
[White "Detert, Marvin"]
[Black "Warneke, Jan Niklas"]
[Result "1-0"]
[WhiteElo "1134"]
[BlackElo "980"]
[PlyCount "143"]
[EventDate "2007.05.17"]
[EventType "team-tourn"]
[EventRounds "7"]
[EventCountry "GER"]
[SourceTitle "EXT 2008"]
[Source "ChessBase"]
[SourceDate "2007.11.25"]
[SourceVersion "1"]
[SourceVersionDate "2007.11.25"]
[SourceQuality "1"]

1. e4 d6 2. Nf3 Nf6 3. Nc3 g6 4. d4 Bg7 5. Bg5 0-0 6. Bc4 Re8 7. 0-0 Nxe4 8. Bxf7+ Kxf7 9. Nxe4 h6 10. Bh4 Nc6 11. Qd2 Qd7 12. Rfe1 g5 13. Bg3 b6 14. b4 Bb7 15. b5 Nd8 16. c4 Rb8 17. Rac1 Ne6 18. d5 Nf8 19. Qd3 Ng6 20. Ned2 e6 21. a4 exd5 22. cxd5 Rxe1+ 23. Rxe1 Qd8 24. Re6 Nf8 25. Qf5+ Kg8 26. Re3 Qf6 27. Qe4 Qg6 28. Qc4 Qf7 29. Rd3 Nd7 30. Ne4 Re8 31. Qxc7 Bxd5 32. Nxd6 Qf6 33. Rd1 Bxf3 34. gxf3 Qxf3 35. Rf1 Re7 36. Qxa7 h5 37. h4 Qg4 38. Kh1 gxh4 39. Bh2 Qf3+ 40. Kg1 Be5 41. Qb7 Rg7+ 42. Bg3 Qxb7 43. Nxb7 Bd4 44. Kh2 hxg3+ 45. fxg3 Be5 46. Rg1 h4 47. Kh3 Nf6 48. Nd8 Ne4 49. Ne6 Rxg3+ 50. Rxg3+ Bxg3 51. Nd4 Nc3 52. a5 bxa5 53. b6 a4 54. Nc2 Ne4 55. b7 Nf2+ 56. Kg2 Nd3 57. Kh3 Nf2+ 58. Kg2 Kf7 59. Nd4 a3 60. Ne2 Bc7 61. Nc1 Kf6 62. Kxf2 Kf5 63. Kg2 Kg4 64. Kh1 h3 65. Kg1 Kf3 66. Kh1 h2 67. Na2 Ke2 68. Nc3+ Kd2 69. Nb1+ Kd3 70. Nxa3 Kd4 71. Nb5+ Kc5 72. Nxc7 1-0